[Event "Moscow Open F"]
[Site "?"]
[Date "2017.01.29"]
[Round "3.19"]
[White "Shapkin, Anatoliy"]
[Black "Dichkovskij, Andrey"]
[Result "1-0"]
[BlackElo "1917"]
[WhiteElo "2266"]
[LiveChessVersion "1.4.8"]

1. d4 {[%clk 1:25:28]} Nf6 {[%clk 1:28:00]} 2. c4 {[%clk 1:25:40]} g6
{[%clk 1:28:22]} 3. Nc3 {[%clk 1:26:00]} Bg7 {[%clk 1:28:45]} 4. e4
{[%clk 1:26:25]} d6 {[%clk 1:29:11]} 5. Be2 {[%clk 1:26:49]} O-O {[%clk 1:29:29]}
6. Nf3 {[%clk 1:27:14]} e5 {[%clk 1:29:24]} 7. O-O {[%clk 1:27:36]} Nbd7
{[%clk 1:29:13]} 8. d5 {[%clk 1:27:54]} a5 {[%clk 1:28:13]} 9. Be3
{[%clk 1:27:54]} Ng4 {[%clk 1:26:41]} 10. Bg5 {[%clk 1:28:17]} f6
{[%clk 1:26:19]} 11. Bd2 {[%clk 1:27:30]} Nc5 {[%clk 1:22:10]} 12. Ne1
{[%clk 1:11:57]} Nh6 {[%clk 1:17:27]} 13. Nc2 {[%clk 1:06:38]} f5
{[%clk 1:16:43]} 14. exf5 {[%clk 1:06:47]} Nxf5 {[%clk 1:15:42]} 15. Ne3
{[%clk 1:03:58]} Qh4 {[%clk 1:01:34]} 16. g3 {[%clk 1:01:04]} Qh3
{[%clk 0:55:46]} 17. Bf3 {[%clk 0:59:51]} Nh4 {[%clk 0:47:58]} 18. Bh1
{[%clk 0:59:15]} Bh6 {[%clk 0:39:40]} 19. Qe2 {[%clk 0:56:47]} Bf4
{[%clk 0:27:00]} 20. f3 {[%clk 0:54:58]} Bxg3 {[%clk 0:25:48]} 21. hxg3
{[%clk 0:55:21]} Qxg3+ {[%clk 0:26:09]} 22. Bg2 {[%clk 0:55:37]} Rf4
{[%clk 0:15:25]} 23. Ng4 {[%clk 0:50:07]} Rxg4 {[%clk 0:13:42]} 24. fxg4
{[%clk 0:50:13]} Bxg4 {[%clk 0:14:03]} 25. Be1 {[%clk 0:47:29]} Bxe2
{[%clk 0:12:11]} 26. Bxg3 {[%clk 0:47:47]} Bxf1 {[%clk 0:12:14]} 27. Rxf1
{[%clk 0:47:36]} Nf5 {[%clk 0:11:35]} 28. Bf2 {[%clk 0:46:49]} Nd3
{[%clk 0:11:42]} 29. b3 {[%clk 0:47:12]} Rf8 {[%clk 0:10:44]} 30. Ne4
{[%clk 0:45:32]} h6 {[%clk 0:10:28]} 31. Bh3 {[%clk 0:45:02]} Kg7
{[%clk 0:09:40]} 32. Kh2 {[%clk 0:45:01]} g5 {[%clk 0:08:43]} 33. Ba7
{[%clk 0:42:58]} Nf4 {[%clk 0:06:53]} 34. Bxf5 {[%clk 0:42:53]} Rxf5
{[%clk 0:07:21]} 35. c5 {[%clk 0:42:41]} dxc5 {[%clk 0:06:49]} 36. Bxc5
{[%clk 0:42:12]} Rf7 {[%clk 0:05:03]} 37. d6 {[%clk 0:42:26]} b6 {[%clk 0:03:10]}
38. dxc7 {[%clk 0:42:28]} Rxc7 {[%clk 0:03:33]} 39. Bxb6 {[%clk 0:42:53]} Rc2+
{[%clk 0:03:58]} 40. Rf2 {[%clk 0:43:18]} Rxf2+ {[%clk 0:03:15]} 41. Nxf2
{[%clk 0:43:07]} a4 {[%clk 0:02:41]} 42. bxa4 {[%clk 0:42:11]} Nd5
{[%clk 0:02:20]} 43. a5 {[%clk 0:40:51]} Nb4 {[%clk 0:02:09]} 44. Nd3
{[%clk 0:40:55]} Nc6 {[%clk 0:01:30]} 45. a6 {[%clk 0:40:55]} Kf6
{[%clk 0:00:37]} 46. Nb4 {[%clk 0:41:14]} 1-0

[Event "Moscow Open F"]
[Site "?"]
[Date "2017.01.29"]
[Round "3.21"]
[White "Dzhaumutbaev, Erzhan"]
[Black "Zakharova, Evgenia"]
[Result "1/2-1/2"]
[BlackElo "1914"]
[WhiteElo "2148"]
[LiveChessVersion "1.4.8"]

1. e4 d6 2. d4 Nf6 3. Nc3 Nbd7 4. f4 e5 5. Nf3 exd4 6. Nxd4 g6 7. Bc4 Bg7 8. O-O
O-O 9. f5 c6 10. Bg5 Qc7 11. fxg6 hxg6 12. Qd2 b5 13. Bd3 Ng4 14. Be2 Nc5 15.
Bxg4 Bxg4 16. h3 b4 17. Nce2 Nxe4 18. Qf4 Bxe2 19. Nxe2 Qb6+ 20. Kh1 f5 21. Qh4
Rae8 22. Nf4 Kf7 23. Qh7 Ng3+ 24. Kh2 Nxf1+ 25. Rxf1 Qd4 26. Nxg6 Ke6 27. Nxf8+
Rxf8 28. Qg6+ Kd7 29. Rxf5 Be5+ 30. g3 Bxg3+ 31. Kxg3 Qg1+ 32. Kf3 Qf1+ 33. Kg4
Qg2+ 34. Kf4 Qf2+ 35. Kg4 Qg2+ 36. Kf4 Qf2+ 37. Kg4 Qg2+ 38. Kf4 Qf2+ 39. Kg4
Qg2+ 40. Kf4 Qf2+ 41. Kg4 1/2-1/2

[Event "Moscow Open F"]
[Site "?"]
[Date "2017.01.30"]
[Round "4.1"]
[White "Mingazov, Almaz"]
[Black "Kezin, Roman"]
[Result "0-1"]
[BlackElo "2439"]
[WhiteElo "2303"]
[LiveChessVersion "1.4.8"]

1. d4 {[%clk 1:13:37]} d5 {[%clk 1:30:51]} 2. c4 {[%clk 1:14:01]} e6
{[%clk 1:31:17]} 3. Nf3 {[%clk 1:14:21]} Nf6 {[%clk 1:31:40]} 4. g3
{[%clk 1:13:57]} Bb4+ {[%clk 1:28:53]} 5. Bd2 {[%clk 1:14:08]} a5
{[%clk 1:28:53]} 6. Qc2 {[%clk 1:12:51]} c5 {[%clk 1:15:26]} 7. dxc5
{[%clk 1:12:37]} d4 {[%clk 1:13:57]} 8. Bg2 {[%clk 1:06:23]} Bxc5
{[%clk 1:09:01]} 9. O-O {[%clk 1:01:53]} Nc6 {[%clk 1:09:26]} 10. Rd1
{[%clk 0:56:17]} e5 {[%clk 1:05:26]} 11. Bg5 {[%clk 0:52:19]} h6 {[%clk 1:05:38]}
12. Bxf6 {[%clk 0:52:43]} Qxf6 {[%clk 1:06:06]} 13. Nbd2 {[%clk 0:51:27]} O-O
{[%clk 0:59:41]} 14. Ne4 {[%clk 0:47:15]} Qe7 {[%clk 0:49:04]} 15. Nh4
{[%clk 0:46:15]} Be6 {[%clk 0:48:45]} 16. Qa4 {[%clk 0:34:09]} Ra6
{[%clk 0:37:38]} 17. Qb5 {[%clk 0:30:25]} Ba7 {[%clk 0:36:23]} 18. c5
{[%clk 0:28:46]} Bb8 {[%clk 0:21:21]} 19. Rdc1 {[%clk 0:20:44]} Rd8
{[%clk 0:20:39]} 20. Nf3 {[%clk 0:19:19]} a4 {[%clk 0:16:03]} 21. Nd6
{[%clk 0:14:12]} Ra7 {[%clk 0:09:57]} 22. Nd2 {[%clk 0:07:33]} Bxd6
{[%clk 0:09:17]} 23. cxd6 {[%clk 0:07:59]} Qxd6 {[%clk 0:09:26]} 24. Nc4
{[%clk 0:07:36]} Qb8 {[%clk 0:03:57]} 25. b4 {[%clk 0:05:10]} f6 {[%clk 0:00:36]}
26. a3 {[%clk 0:03:42]} Ne7 {[%clk 0:00:38]} 27. Nb6 {[%clk 0:03:40]} Bb3
{[%clk 0:00:33]} 28. Rc5 {[%clk 0:02:58]} Qd6 {[%clk 0:01:02]} 29. Nc4
{[%clk 0:02:24]} Qe6 {[%clk 0:00:40]} 30. Rc7 {[%clk 0:01:46]} Nd5
{[%clk 0:01:09]} 31. Bxd5 {[%clk 0:01:34]} Rxd5 {[%clk 0:01:21]} 32. Qb6
{[%clk 0:01:28]} Qxb6 {[%clk 0:00:43]} 33. Nxb6 {[%clk 0:01:54]} Rd8
{[%clk 0:00:38]} 34. Rac1 {[%clk 0:02:10]} e4 {[%clk 0:00:40]} 35. Rc8
{[%clk 0:01:37]} Rxc8 {[%clk 0:00:39]} 36. Rxc8+ {[%clk 0:02:04]} Kf7
{[%clk 0:01:04]} 37. Rd8 {[%clk 0:02:29]} Ra6 {[%clk 0:01:28]} 38. Na8
{[%clk 0:00:44]} Ke7 {[%clk 0:01:32]} 39. Rb8 {[%clk 0:00:38]} Rxa8
{[%clk 0:01:00]} 40. Rxa8 {[%clk 0:00:53]} d3 {[%clk 0:01:28]} 41. exd3
{[%clk 0:01:10]} exd3 {[%clk 0:01:56]} 0-1

[Event "Moscow Open F"]
[Site "?"]
[Date "2017.01.30"]
[Round "4.2"]
[White "Volodin, Ivan"]
[Black "Vakhlamov, Igor L."]
[Result "1/2-1/2"]
[BlackElo "2405"]
[WhiteElo "2265"]
[LiveChessVersion "1.4.8"]

1. c4 e5 2. g3 Nf6 3. Bg2 h6 4. Nc3 Bb4 5. e4 Bxc3 6. dxc3 d6 7. Qe2 Be6 8. Nf3
Qd7 9. h3 a6 10. Nd2 b5 11. b3 Qc6 12. O-O bxc4 13. b4 a5 14. bxa5 Rxa5 15. f4
Qc5+ 16. Kh2 exf4 17. gxf4 Nc6 18. Nf3 Qh5 19. f5 Bd7 20. Qxc4 Rc5 21. Qd3 g6 22.
Be3 Ng4+ 23. Kg1 Nxe3 24. Qxe3 Ne5 25. Nxe5 Rxe5 26. Qa7 Kd8 27. Rfd1 Rb5 28.
Qa8+ Bc8 29. Qc6 Bd7 30. Qa8+ Bc8 31. Qc6 Bd7 32. Qa8+ 1/2-1/2

[Event "Moscow Open F"]
[Site "?"]
[Date "2017.01.30"]
[Round "4.3"]
[White "Mamatov, Melis"]
[Black "Bryakin, Mikhail"]
[Result "1/2-1/2"]
[BlackElo "2333"]
[WhiteElo "2168"]
[LiveChessVersion "1.4.8"]

1. d4 {[%clk 1:30:19]} d5 {[%clk 1:30:51]} 2. Nf3 {[%clk 1:30:34]} c6
{[%clk 1:31:06]} 3. Bf4 {[%clk 1:29:56]} Nf6 {[%clk 1:31:04]} 4. e3
{[%clk 1:29:51]} Bf5 {[%clk 1:30:03]} 5. Bd3 {[%clk 1:27:47]} e6 {[%clk 1:29:21]}
6. O-O {[%clk 1:24:44]} Bd6 {[%clk 1:27:18]} 7. Ne5 {[%clk 1:21:25]} Bg6
{[%clk 1:22:19]} 8. Nc3 {[%clk 1:08:35]} Qc7 {[%clk 1:22:08]} 9. Qd2
{[%clk 1:08:04]} Nbd7 {[%clk 1:21:02]} 10. Nxd7 {[%clk 1:05:55]} Nxd7
{[%clk 1:20:25]} 11. Ne2 {[%clk 1:04:07]} e5 {[%clk 1:19:01]} 12. dxe5
{[%clk 1:03:46]} Nxe5 {[%clk 1:15:56]} 13. Nd4 {[%clk 0:59:31]} O-O
{[%clk 1:11:48]} 14. Bg3 {[%clk 0:58:06]} Rad8 {[%clk 1:06:01]} 15. Be2
{[%clk 0:56:29]} Rfe8 {[%clk 1:01:37]} 16. Rfd1 {[%clk 0:48:01]} a5
{[%clk 0:51:01]} 17. a3 {[%clk 0:45:11]} a4 {[%clk 0:41:45]} 18. Qc3
{[%clk 0:44:34]} f6 {[%clk 0:39:48]} 19. Re1 {[%clk 0:38:48]} Qb6
{[%clk 0:35:10]} 20. h4 {[%clk 0:34:03]} h6 {[%clk 0:33:06]} 21. Bf1
{[%clk 0:29:37]} Nf7 {[%clk 0:32:07]} 22. Ne2 {[%clk 0:29:03]} Be5
{[%clk 0:31:14]} 23. Bxe5 {[%clk 0:29:08]} fxe5 {[%clk 0:31:25]} 24. b4
{[%clk 0:24:38]} Nd6 {[%clk 0:30:04]} 25. Ng3 {[%clk 0:24:32]} Qc7
{[%clk 0:26:53]} 26. Bd3 {[%clk 0:21:28]} Bxd3 {[%clk 0:22:50]} 27. cxd3
{[%clk 0:21:02]} Qe7 {[%clk 0:23:18]} 28. h5 {[%clk 0:20:43]} Qh4
{[%clk 0:22:43]} 29. e4 {[%clk 0:19:33]} d4 {[%clk 0:21:29]} 30. Qc2
{[%clk 0:16:30]} Ra8 {[%clk 0:20:31]} 31. Ra2 {[%clk 0:16:41]} Re6
{[%clk 0:19:28]} 32. Rf1 {[%clk 0:14:55]} Kh7 {[%clk 0:19:34]} 33. Qc5
{[%clk 0:13:20]} Qg5 {[%clk 0:09:30]} 34. Ne2 {[%clk 0:11:48]} Nb5
{[%clk 0:06:48]} 35. f4 exf4 {[%clk 0:06:10]} 36. Rxf4 {[%clk 0:07:53]} Qxc5
{[%clk 0:05:56]} 37. bxc5 {[%clk 0:08:22]} Re5 {[%clk 0:06:13]} 38. Rf7
{[%clk 0:05:43]} Rxh5 {[%clk 0:05:35]} 39. Nf4 {[%clk 0:06:06]} Re5
{[%clk 0:03:12]} 40. Rxb7 {[%clk 0:06:21]} Rf8 {[%clk 0:03:27]} 41. g3
{[%clk 0:06:26]} Rfe8 {[%clk 0:02:12]} 42. Rc2 {[%clk 0:06:11]} Nxa3
{[%clk 0:01:58]} 43. Ra2 {[%clk 0:06:22]} Nb5 {[%clk 0:02:27]} 44. Rxa4
{[%clk 0:06:20]} Rxc5 {[%clk 0:02:42]} 45. Rd7 {[%clk 0:05:25]} Rg5
{[%clk 0:01:00]} 46. Kh2 {[%clk 0:05:37]} h5 {[%clk 0:00:58]} 47. Kh3
{[%clk 0:05:55]} Rc5 {[%clk 0:00:43]} 48. Ra6 {[%clk 0:04:59]} Kh6
{[%clk 0:00:52]} 49. Rb6 {[%clk 0:03:40]} g5 {[%clk 0:00:45]} 50. Rd5
{[%clk 0:03:16]} Rxd5 {[%clk 0:00:36]} 51. Nxd5 {[%clk 0:03:39]} Re6
{[%clk 0:00:50]} 52. Nb4 {[%clk 0:03:44]} Nc3 {[%clk 0:00:47]} 53. Nc2
{[%clk 0:02:18]} Nb5 {[%clk 0:00:47]} 54. Nb4 {[%clk 0:02:01]} Nc3
{[%clk 0:01:12]} 55. Rxc6 {[%clk 0:01:57]} Rxc6 {[%clk 0:01:31]} 56. Nxc6
{[%clk 0:02:26]} Ne2 {[%clk 0:01:33]} 57. e5 {[%clk 0:02:18]} Kg6
{[%clk 0:01:38]} 58. e6 {[%clk 0:02:42]} Nc1 {[%clk 0:00:59]} 59. Nxd4
{[%clk 0:01:32]} Nxd3 {[%clk 0:00:52]} 60. e7 {[%clk 0:01:53]} Kf7
{[%clk 0:01:05]} 61. Nf5 {[%clk 0:02:08]} Ne5 {[%clk 0:00:47]} 62. e8=Q+
{[%clk 0:01:39]} Kxe8 {[%clk 0:01:16]} 63. Ng7+ {[%clk 0:02:01]} Kf7
{[%clk 0:01:39]} 64. Nxh5 {[%clk 0:02:29]} Kg6 {[%clk 0:02:01]} 65. g4
{[%clk 0:02:54]} Nxg4 1/2-1/2

[Event "Moscow Open F"]
[Site "?"]
[Date "2017.01.30"]
[Round "4.4"]
[White "Platonov, Dmitriy"]
[Black "Vasilyev, Vasily"]
[Result "1/2-1/2"]
[BlackElo "2320"]
[WhiteElo "2109"]
[LiveChessVersion "1.4.8"]

1. d4 {[%clk 1:30:54]} d5 {[%clk 1:29:09]} 2. c4 {[%clk 1:31:15]} e6
{[%clk 1:29:30]} 3. Nc3 {[%clk 1:31:36]} c6 {[%clk 1:29:53]} 4. Nf3
{[%clk 1:31:55]} dxc4 {[%clk 1:30:04]} 5. e3 {[%clk 1:32:08]} b5 {[%clk 1:30:11]}
6. a4 {[%clk 1:32:30]} Bb4 {[%clk 1:30:21]} 7. Bd2 {[%clk 1:32:49]} a5
{[%clk 1:29:49]} 8. axb5 {[%clk 1:33:06]} Bxc3 {[%clk 1:30:10]} 9. Bxc3
{[%clk 1:33:23]} cxb5 {[%clk 1:30:36]} 10. b3 {[%clk 1:33:46]} Bb7
{[%clk 1:30:43]} 11. bxc4 {[%clk 1:34:07]} b4 {[%clk 1:31:06]} 12. Bb2
{[%clk 1:34:31]} Nf6 {[%clk 1:31:29]} 13. c5 {[%clk 1:34:54]} O-O
{[%clk 1:31:09]} 14. Bb5 {[%clk 1:35:16]} Bc6 {[%clk 1:26:33]} 15. Bxc6
{[%clk 1:34:52]} Nxc6 {[%clk 1:27:02]} 16. O-O {[%clk 1:35:01]} Qd5
{[%clk 1:26:25]} 17. Qa4 {[%clk 1:19:57]} Rfb8 {[%clk 1:25:01]} 18. Rfd1
{[%clk 1:10:27]} Ne4 {[%clk 1:24:45]} 19. Ne1 {[%clk 1:09:10]} f5
{[%clk 1:05:22]} 20. f3 {[%clk 1:09:12]} Nf6 {[%clk 1:05:07]} 21. Nd3
{[%clk 1:09:18]} b3 {[%clk 1:04:18]} 22. Nf4 {[%clk 0:57:42]} Qd7
{[%clk 1:04:39]} 23. d5 {[%clk 0:47:38]} Nxd5 {[%clk 1:01:44]} 24. Nxd5
{[%clk 0:25:45]} exd5 {[%clk 1:02:07]} 25. e4 {[%clk 0:19:48]} fxe4
{[%clk 0:56:42]} 26. Qxe4 {[%clk 0:19:39]} Rd8 {[%clk 0:56:06]} 27. Qh4
{[%clk 0:17:36]} d4 {[%clk 0:51:32]} 28. Ra4 {[%clk 0:17:25]} Qe6
{[%clk 0:50:27]} 29. Re1 {[%clk 0:11:05]} Qd5 {[%clk 0:49:27]} 30. Qg4
{[%clk 0:11:25]} h5 {[%clk 0:47:16]} 31. Qg6 {[%clk 0:11:40]} Rab8
{[%clk 0:41:10]} 32. Rxa5 {[%clk 0:05:20]} Ne5 {[%clk 0:35:13]} 33. Qxh5
{[%clk 0:04:58]} Re8 {[%clk 0:32:28]} 34. Kh1 {[%clk 0:03:08]} Nf7
{[%clk 0:30:55]} 35. Qh4 {[%clk 0:02:34]} Qg5 {[%clk 0:30:53]} 36. Qf2
{[%clk 0:02:28]} Rxe1+ {[%clk 0:29:40]} 37. Qxe1 {[%clk 0:02:52]} d3
{[%clk 0:30:03]} 38. Qc3 {[%clk 0:01:44]} Re8 {[%clk 0:27:05]} 39. Ra1
{[%clk 0:01:21]} d2 {[%clk 0:23:04]} 40. f4 {[%clk 0:01:21]} Qg4 {[%clk 0:22:20]}
41. Qxd2 {[%clk 0:01:36]} Re2 {[%clk 0:22:18]} 42. Ra8+ {[%clk 0:00:40]} Kh7
{[%clk 0:22:42]} 43. Qd3+ {[%clk 0:01:02]} g6 {[%clk 0:22:52]} 44. Qh3+ Qxh3
{[%clk 0:23:15]} 45. gxh3 {[%clk 0:01:46]} Rxb2 {[%clk 0:23:31]} 46. Rb8
{[%clk 0:01:36]} Kg7 {[%clk 0:23:32]} 47. c6 {[%clk 0:01:59]} Nd6
{[%clk 0:23:35]} 48. c7 {[%clk 0:02:15]} Kf7 {[%clk 0:23:33]} 49. Rd8
{[%clk 0:01:23]} Rc2 {[%clk 0:19:28]} 50. Rxd6 {[%clk 0:01:39]} Rxc7
{[%clk 0:19:52]} 51. Rb6 {[%clk 0:02:00]} Rc1+ {[%clk 0:19:10]} 52. Kg2
{[%clk 0:02:19]} Rc2+ {[%clk 0:19:34]} 53. Kf3 {[%clk 0:02:10]} b2
{[%clk 0:19:58]} 54. Kg3 {[%clk 0:01:30]} Ke7 {[%clk 0:18:44]} 55. Kf3
{[%clk 0:01:19]} Rxh2 {[%clk 0:18:58]} 56. h4 {[%clk 0:01:29]} Kd7
{[%clk 0:19:04]} 57. Ke3 {[%clk 0:01:39]} Kc7 {[%clk 0:19:25]} 58. Rb4
{[%clk 0:02:00]} Kc6 {[%clk 0:19:46]} 59. Kd3 {[%clk 0:02:11]} Kc5
{[%clk 0:18:54]} 60. Rb8 {[%clk 0:02:31]} Rh3+ {[%clk 0:18:42]} 61. Ke4
{[%clk 0:02:22]} Rh2 {[%clk 0:19:04]} 62. Kd3 {[%clk 0:02:48]} Kd6
{[%clk 0:17:39]} 63. Ke4 {[%clk 0:02:47]} Re2+ {[%clk 0:16:13]} 64. Kd3
{[%clk 0:02:50]} Rh2 {[%clk 0:16:17]} 65. Ke4 {[%clk 0:03:10]} Kc7
{[%clk 0:16:04]} 66. Rb4 {[%clk 0:03:25]} Kc6 {[%clk 0:15:46]} 67. Kd4
{[%clk 0:03:12]} Kd6 {[%clk 0:14:06]} 68. Rb6+ {[%clk 0:03:20]} Ke7
{[%clk 0:13:41]} 69. Ke5 {[%clk 0:03:23]} Re2+ {[%clk 0:14:04]} 70. Kd4
{[%clk 0:03:35]} Kf7 {[%clk 0:14:09]} 71. Kd3 {[%clk 0:03:21]} Rh2
{[%clk 0:14:24]} 72. Ke4 {[%clk 0:03:34]} Kg7 {[%clk 0:13:37]} 73. Kf3
{[%clk 0:03:30]} Rc2 {[%clk 0:13:43]} 74. Kg4 {[%clk 0:03:42]} Kf7
{[%clk 0:13:52]} 75. h5 {[%clk 0:03:19]} gxh5+ {[%clk 0:13:48]} 76. Kxh5
{[%clk 0:03:41]} Rg2 {[%clk 0:14:15]} 77. Kh4 {[%clk 0:03:47]} Ke6 1/2-1/2

[Event "Moscow Open F"]
[Site "?"]
[Date "2017.01.30"]
[Round "4.6"]
[White "Mokshanov, Alexey"]
[Black "Pahomov, Ruslan"]
[Result "1/2-1/2"]
[BlackElo "2270"]
[WhiteElo "2413"]
[LiveChessVersion "1.4.8"]

1. e4 {[%clk 1:30:33]} c5 {[%clk 1:30:51]} 2. Nf3 {[%clk 1:30:58]} d6
{[%clk 1:30:30]} 3. Bb5+ {[%clk 1:31:08]} Bd7 {[%clk 1:29:47]} 4. Bxd7+
{[%clk 1:31:33]} Qxd7 {[%clk 1:29:17]} 5. O-O {[%clk 1:31:57]} Nc6
{[%clk 1:28:29]} 6. c3 {[%clk 1:32:22]} Nf6 {[%clk 1:28:29]} 7. Qe2
{[%clk 1:32:42]} e6 {[%clk 1:28:25]} 8. d4 {[%clk 1:33:07]} cxd4 {[%clk 1:28:52]}
9. cxd4 {[%clk 1:33:33]} d5 {[%clk 1:29:14]} 10. e5 {[%clk 1:33:59]} Ne4
{[%clk 1:29:40]} 11. Be3 {[%clk 1:34:25]} Be7 {[%clk 1:28:46]} 12. Ne1
{[%clk 1:34:49]} f6 {[%clk 1:27:13]} 13. f3 {[%clk 1:35:13]} Ng5 {[%clk 1:27:42]}
14. Nd3 {[%clk 1:35:27]} O-O {[%clk 1:27:06]} 15. Nd2 {[%clk 1:35:03]} Nf7
{[%clk 1:24:35]} 16. f4 {[%clk 1:35:27]} Nh6 {[%clk 1:24:43]} 17. Bf2
{[%clk 1:30:45]} Rac8 {[%clk 1:23:12]} 18. h3 {[%clk 1:28:05]} Nf5
{[%clk 1:19:20]} 19. Nf3 {[%clk 1:26:20]} fxe5 {[%clk 1:14:07]} 20. dxe5
{[%clk 1:24:04]} d4 {[%clk 1:14:34]} 21. g4 {[%clk 1:19:49]} Ne3 {[%clk 1:08:17]}
22. Bxe3 {[%clk 0:50:36]} dxe3 {[%clk 1:08:45]} 23. Qxe3 {[%clk 0:50:51]} Nb4
{[%clk 1:06:19]} 24. Rad1 {[%clk 0:50:27]} Nxd3 {[%clk 1:03:46]} 25. Qxd3
{[%clk 0:49:15]} Qxd3 {[%clk 1:04:00]} 26. Rxd3 {[%clk 0:49:43]} Rxf4
{[%clk 0:55:55]} 27. Rd7 {[%clk 0:44:48]} Bc5+ {[%clk 0:48:52]} 28. Kg2
{[%clk 0:44:02]} Rcf8 {[%clk 0:48:43]} 29. Rdd1 {[%clk 0:39:28]} h6
{[%clk 0:45:50]} 30. b3 {[%clk 0:39:46]} Bb6 {[%clk 0:44:58]} 31. Kg3
{[%clk 0:39:05]} R4f7 {[%clk 0:41:27]} 32. Kg2 {[%clk 0:38:35]} Rc7
{[%clk 0:32:30]} 33. Rc1 {[%clk 0:38:33]} Rfc8 {[%clk 0:29:28]} 34. Rxc7
{[%clk 0:38:41]} Rxc7 {[%clk 0:29:57]} 35. Rd1 {[%clk 0:39:00]} Be3
{[%clk 0:29:34]} 36. Rd6 {[%clk 0:35:28]} Kf7 {[%clk 0:27:35]} 37. Nd4
{[%clk 0:32:33]} Bxd4 {[%clk 0:27:14]} 38. Rxd4 {[%clk 0:33:02]} Ke7
{[%clk 0:26:08]} 39. Rb4 {[%clk 0:31:51]} b6 {[%clk 0:26:14]} 40. a4
{[%clk 0:32:01]} Rc5 {[%clk 0:26:17]} 41. Rb5 {[%clk 0:30:34]} Kd7 1/2-1/2

[Event "Moscow Open F"]
[Site "?"]
[Date "2017.01.30"]
[Round "4.7"]
[White "Vaseptsov, Maxim"]
[Black "Taalaibekov, Tagir"]
[Result "1-0"]
[BlackElo "2173"]
[WhiteElo "2348"]
[LiveChessVersion "1.4.8"]

1. e4 {[%clk 1:20:47]} c5 {[%clk 1:30:59]} 2. Nf3 {[%clk 1:20:49]} e6
{[%clk 1:31:24]} 3. d4 {[%clk 1:20:03]} cxd4 {[%clk 1:31:50]} 4. Nxd4
{[%clk 1:20:30]} a6 {[%clk 1:32:15]} 5. Bd3 {[%clk 1:20:15]} Qc7 {[%clk 1:32:38]}
6. O-O {[%clk 1:18:55]} Nf6 {[%clk 1:33:04]} 7. Qe2 {[%clk 1:17:53]} d6
{[%clk 1:31:07]} 8. c4 {[%clk 1:14:46]} Be7 {[%clk 1:31:15]} 9. Nc3
{[%clk 1:15:00]} O-O {[%clk 1:30:56]} 10. Kh1 {[%clk 1:14:12]} b6
{[%clk 1:29:18]} 11. f4 {[%clk 1:12:15]} Rd8 {[%clk 1:29:10]} 12. Nf3
{[%clk 1:04:11]} Bb7 {[%clk 1:26:12]} 13. Bd2 {[%clk 0:59:58]} Nbd7
{[%clk 1:21:19]} 14. Rae1 {[%clk 0:58:27]} Nf8 {[%clk 1:20:03]} 15. b4
{[%clk 0:49:00]} Rac8 {[%clk 1:20:11]} 16. a3 {[%clk 0:47:57]} Ng6
{[%clk 1:14:05]} 17. Rc1 {[%clk 0:43:03]} Qb8 {[%clk 1:08:09]} 18. Ng5
{[%clk 0:35:39]} Nd7 {[%clk 0:48:13]} 19. Qh5 {[%clk 0:34:44]} Nf6
{[%clk 0:38:51]} 20. Qh3 {[%clk 0:32:57]} Nf8 {[%clk 0:38:04]} 21. Rce1
{[%clk 0:28:29]} h6 {[%clk 0:30:42]} 22. Nf3 {[%clk 0:22:46]} Qa8
{[%clk 0:25:12]} 23. Nd4 {[%clk 0:18:34]} Rc7 {[%clk 0:21:34]} 24. f5
{[%clk 0:16:57]} e5 {[%clk 0:19:07]} 25. Nb3 {[%clk 0:15:32]} N8h7
{[%clk 0:14:28]} 26. a4 {[%clk 0:08:30]} Rdc8 {[%clk 0:11:42]} 27. Nd5
{[%clk 0:08:38]} Nxd5 {[%clk 0:11:58]} 28. cxd5 {[%clk 0:07:52]} Bg5
{[%clk 0:12:23]} 29. Bxg5 {[%clk 0:05:30]} Nxg5 {[%clk 0:12:42]} 30. Qe3
{[%clk 0:05:55]} Rc3 {[%clk 0:11:30]} 31. Nd2 {[%clk 0:03:44]} Bxd5
{[%clk 0:03:17]} 32. h4 {[%clk 0:02:42]} Nh7 {[%clk 0:03:02]} 33. exd5
{[%clk 0:02:17]} Qxd5 {[%clk 0:03:31]} 34. Be4 {[%clk 0:01:41]} Qa2
{[%clk 0:03:46]} 35. Qf2 {[%clk 0:00:42]} Nf6 {[%clk 0:02:46]} 36. Bb1
{[%clk 0:00:36]} Qxa4 {[%clk 0:01:52]} 37. Ne4 {[%clk 0:00:47]} Nxe4
{[%clk 0:00:35]} 38. Rxe4 {[%clk 0:01:16]} Qc6 {[%clk 0:00:36]} 39. f6
{[%clk 0:01:32]} g6 {[%clk 0:00:36]} 40. h5 {[%clk 0:01:26]} Rc1 {[%clk 0:00:41]}
41. Ree1 {[%clk 0:01:05]} Rxe1 {[%clk 0:00:35]} 42. Rxe1 {[%clk 0:01:33]} g5
{[%clk 0:00:33]} 43. Qf5 {[%clk 0:01:59]} Kf8 {[%clk 0:00:34]} 44. Qh7
{[%clk 0:02:27]} 1-0

[Event "Moscow Open F"]
[Site "?"]
[Date "2017.01.30"]
[Round "4.8"]
[White "Samusenko, Maksim"]
[Black "Nasybullina, Alfia"]
[Result "1-0"]
[BlackElo "2219"]
[WhiteElo "2333"]
[LiveChessVersion "1.4.8"]

1. e4 {[%clk 1:30:56]} c5 {[%clk 1:09:14]} 2. Nf3 {[%clk 1:31:14]} e6
{[%clk 1:09:37]} 3. g3 {[%clk 1:30:46]} d5 {[%clk 1:09:33]} 4. exd5
{[%clk 1:29:38]} exd5 {[%clk 1:09:55]} 5. d4 {[%clk 1:28:50]} Nc6
{[%clk 1:10:11]} 6. Bg2 {[%clk 1:27:43]} Bg4 {[%clk 1:02:31]} 7. O-O
{[%clk 1:26:42]} cxd4 {[%clk 1:02:17]} 8. Nbd2 {[%clk 1:23:49]} Bc5
{[%clk 0:57:42]} 9. Nb3 {[%clk 1:12:36]} Bb6 {[%clk 0:57:51]} 10. h3
{[%clk 0:57:11]} Bxf3 {[%clk 0:57:35]} 11. Qxf3 {[%clk 0:57:26]} Nge7
{[%clk 0:57:55]} 12. Re1 {[%clk 0:43:25]} O-O {[%clk 0:56:52]} 13. Bf4
{[%clk 0:43:07]} Qd7 {[%clk 0:52:09]} 14. Rad1 {[%clk 0:43:19]} Qf5
{[%clk 0:48:06]} 15. Bd6 {[%clk 0:37:31]} Rfe8 {[%clk 0:45:09]} 16. Bxe7
{[%clk 0:35:43]} Qxf3 {[%clk 0:45:13]} 17. Bxf3 {[%clk 0:36:08]} Rxe7
{[%clk 0:45:19]} 18. Bxd5 {[%clk 0:25:43]} Rxe1+ {[%clk 0:45:25]} 19. Rxe1
{[%clk 0:26:12]} Rd8 {[%clk 0:44:26]} 20. Bxc6 {[%clk 0:21:53]} bxc6
{[%clk 0:44:47]} 21. Re2 {[%clk 0:18:46]} Kf8 {[%clk 0:44:44]} 22. Nd2
{[%clk 0:18:48]} Rd5 {[%clk 0:43:21]} 23. Nc4 {[%clk 0:18:00]} Bc7
{[%clk 0:43:06]} 24. Kg2 {[%clk 0:18:06]} h5 {[%clk 0:42:08]} 25. h4
{[%clk 0:16:15]} g6 {[%clk 0:42:26]} 26. Kf3 {[%clk 0:13:04]} Rd8
{[%clk 0:41:44]} 27. Ke4 {[%clk 0:12:25]} f6 {[%clk 0:39:33]} 28. Kd3
{[%clk 0:11:50]} Kf7 {[%clk 0:39:55]} 29. Nd2 {[%clk 0:10:46]} g5
{[%clk 0:36:30]} 30. Nf3 {[%clk 0:08:22]} g4 {[%clk 0:36:29]} 31. Nd2
{[%clk 0:08:31]} f5 {[%clk 0:36:33]} 32. Kc4 {[%clk 0:08:07]} Kf6
{[%clk 0:26:24]} 33. Nb3 {[%clk 0:08:09]} Bb6 {[%clk 0:26:46]} 34. Nc1
{[%clk 0:07:02]} d3 {[%clk 0:18:13]} 35. Nxd3 {[%clk 0:06:43]} Rd4+
{[%clk 0:18:37]} 36. Kc3 {[%clk 0:05:23]} c5 {[%clk 0:12:33]} 37. a3
{[%clk 0:05:35]} Kf7 {[%clk 0:04:45]} 38. Re5 {[%clk 0:04:16]} c4
{[%clk 0:02:34]} 39. Nc5 {[%clk 0:03:51]} Rd1 {[%clk 0:01:00]} 40. Rxf5+
{[%clk 0:04:13]} Kg6 {[%clk 0:01:24]} 41. Rg5+ {[%clk 0:04:33]} Kh6
{[%clk 0:01:48]} 42. Ne4 {[%clk 0:02:08]} Bd4+ {[%clk 0:02:12]} 43. Kxc4
{[%clk 0:02:33]} Bxb2 {[%clk 0:02:36]} 44. c3 {[%clk 0:02:44]} Bxa3
{[%clk 0:01:22]} 45. Ra5 {[%clk 0:02:49]} Re1 {[%clk 0:00:57]} 46. Kd5
{[%clk 0:02:01]} Bf8 {[%clk 0:00:53]} 47. Ra6+ {[%clk 0:01:57]} Kg7
{[%clk 0:00:53]} 48. Rxa7+ {[%clk 0:02:21]} Kg6 {[%clk 0:01:11]} 49. Ra6+
{[%clk 0:02:40]} Kg7 {[%clk 0:01:11]} 50. Ke5 {[%clk 0:02:05]} Be7
{[%clk 0:00:54]} 51. Kf5 {[%clk 0:02:02]} Re2 {[%clk 0:00:45]} 52. c4
{[%clk 0:01:43]} Rc2 {[%clk 0:00:57]} 53. Ra7 {[%clk 0:01:53]} Kf7
{[%clk 0:00:53]} 54. c5 {[%clk 0:01:55]} Kf8 {[%clk 0:01:08]} 55. Kg6
{[%clk 0:01:31]} Ke8 {[%clk 0:00:39]} 56. Kxh5 {[%clk 0:01:28]} Re2
{[%clk 0:00:51]} 57. Nd6+ {[%clk 0:01:47]} Kd8 {[%clk 0:00:58]} 58. Kxg4
{[%clk 0:01:51]} Rxf2 {[%clk 0:01:20]} 59. c6 {[%clk 0:01:54]} 1-0